A biztosítékok fajtái, valamint egy adott hitelkérelemhez felajánlott biztosíték értelmezése

Bibliográfiai részletek
Szerző: Czvetkovics Tünde
További közreműködők: Hajnalka Dr. Zsolt
Dokumentumtípus: Projektmunka
Kulcsszavak:Biztosítékok
Szövetkezeti hitelintézet
Micro-, Kis- és Középvállalkozás
Online Access:http://dolgozattar.uni-bge.hu/11161

MARC

LEADER 00000nnm a2200000 i 4500
001 dolg11161
005 20170512143422.0
008 170512suuuu hu o 000 hun d
040 |a BGE Dolgozattár Repozitórium  |b hun 
041 |a hu 
100 1 |a Czvetkovics Tünde 
245 1 2 |a A biztosítékok fajtái, valamint egy adott hitelkérelemhez felajánlott biztosíték értelmezése  |c Czvetkovics Tünde  |h [elektronikus dokumentum] 
516 |a Project_work 
695 |a Biztosítékok 
695 |a Szövetkezeti hitelintézet 
695 |a Micro-, Kis- és Középvállalkozás 
700 1 |a Hajnalka Dr. Zsolt  |e ths 
856 4 0 |u http://dolgozattar.uni-bge.hu/11161/1/Z%C3%A1r%C3%B3dolgozat%20Czvetkovics%20T%C3%BCnde%20BAD4UL.pdf  |z Dokumentum-elérés 
856 4 0 |u http://dolgozattar.uni-bge.hu/11161/2/nyilatkozat.pdf  |z Dokumentum-elérés 
856 4 0 |u http://dolgozattar.uni-bge.hu/11161/3/titkos%C3%ADt%C3%A1si%20k%C3%A9relem.pdf  |z Dokumentum-elérés 
856 4 0 |u http://dolgozattar.uni-bge.hu/11161/4/munkanapl%C3%B3.pdf  |z Dokumentum-elérés